<?xml version="1.0" encoding="UTF-8"?><?xml-stylesheet type="text/xsl" href="static/style.xsl"?><OAI-PMH xmlns="http://www.openarchives.org/OAI/2.0/" xmlns:xsi="http://www.w3.org/2001/XMLSchema-instance" xsi:schemaLocation="http://www.openarchives.org/OAI/2.0/ http://www.openarchives.org/OAI/2.0/OAI-PMH.xsd"><responseDate>2026-06-01T01:18:50Z</responseDate><request verb="GetRecord" identifier="oai:riuma.uma.es:10630/19744" metadataPrefix="marc">https://riuma.uma.es/rest/oai/request</request><GetRecord><record><header><identifier>oai:riuma.uma.es:10630/19744</identifier><datestamp>2026-02-03T12:35:14Z</datestamp><setSpec>com_10630_2254</setSpec><setSpec>col_10630_37957</setSpec></header><metadata><record xmlns="http://www.loc.gov/MARC21/slim" xmlns:dcterms="http://purl.org/dc/terms/" xmlns:doc="http://www.lyncode.com/xoai" xmlns:xsi="http://www.w3.org/2001/XMLSchema-instance" xsi:schemaLocation="http://www.loc.gov/MARC21/slim http://www.loc.gov/standards/marcxml/schema/MARC21slim.xsd">
   <leader>00925njm 22002777a 4500</leader>
   <datafield ind2=" " ind1=" " tag="042">
      <subfield code="a">dc</subfield>
   </datafield>
   <datafield ind2=" " ind1=" " tag="720">
      <subfield code="a">Elnaggar, Attiat</subfield>
      <subfield code="e">author</subfield>
   </datafield>
   <datafield ind2=" " ind1=" " tag="260">
      <subfield code="c">2020-09-07</subfield>
   </datafield>
   <datafield ind2=" " ind1=" " tag="520">
      <subfield code="a">Drought and salt stresses are among the important factors limiting plant growth and distribution in&#xd;
the United Arab Emirates (UAE) deserts. The current study assessed the impacts of habitat origin&#xd;
(saline and non-saline habitats), temperature, and light on drought and salinity tolerances during&#xd;
germination of Salsola drummondii Ulbr., a habitat-indifferent halophyte. Drought tolerance was&#xd;
also assessed for S. imbricata Forssk. Seeds treated with different concentrations of sodium&#xd;
chloride (NaCl) (0 to 1000 mM NaCl) for salinity analysis, and polyethylene glycol (0 to -1.5 MPa&#xd;
for S. drummondii and 0 to -2.4 MPa for S. imbricata) for drought analysis, were incubated at three&#xd;
temperatures and two light different regimes. Seeds of S. drummondii from the two habitats&#xd;
differed in dormancy, germination speed, and responses to light and temperature, which could be&#xd;
considered as environmental cues to determine the proper space and time of germination. The two&#xd;
Salsola L., species germinated better at the lower than at higher thermoperiods. Seeds of S.&#xd;
imbricata tolerated higher drought stress than S. drummondii.</subfield>
   </datafield>
   <datafield ind1="8" ind2=" " tag="024">
      <subfield code="a">https://hdl.handle.net/10630/19744</subfield>
   </datafield>
   <datafield tag="653" ind2=" " ind1=" ">
      <subfield code="a">Salsola drummondii Ulbr. - Tolerancia a la sequía</subfield>
   </datafield>
   <datafield tag="653" ind2=" " ind1=" ">
      <subfield code="a">Flora de desiertos</subfield>
   </datafield>
   <datafield tag="653" ind2=" " ind1=" ">
      <subfield code="a">Suelos - Salinidad</subfield>
   </datafield>
   <datafield tag="653" ind2=" " ind1=" ">
      <subfield code="a">Emiratos Árabes Unidos</subfield>
   </datafield>
   <datafield ind2="0" ind1="0" tag="245">
      <subfield code="a">Regulations of drought and salt tolerance in Salsola L., species in the arid deserts of United Arab Emirates</subfield>
   </datafield>
</record>
</metadata></record></GetRecord></OAI-PMH>